| 000 | 01479nam a2200145Ia 4500 | ||
|---|---|---|---|
| 005 | 20260209120131.0 | ||
| 008 | 260209s9999||||xx |||||||||||||| ||und|| | ||
| 100 | _aChiradeep Basak | ||
| 245 | 0 | _aSkirmishing witchcraft related deaths and abuses with human rights loom : overcoming the socio-cultural practices in african countries by application of law and science | |
| 260 |
_aBangaloreBangalore _bNLSIU _c2013 |
||
| 300 | _a98 p. ; 25 cm. | ||
| 505 | _aTable of contents- Definition of terms; Research Methodology; I. The contribution of legal Anthropology and law In a debate with cultural relativism concerning witchcraft related practices and deaths; II. The Jurisprudence of Cultural Relativism and Universalism III. The Nexus of Normative Jurisprudence, Universalism and Cultural Relativism; IV. Is Universalism on the verge of disintegration?; V. Witchcraft and Human Rights: The Nexus; VI. Witch-Hunting: A social anathema of 21st Century; VII. Branded Witches- Children accused of Sorcery; VIII. NGO Statement via Human Rights Council XVI Session on Child accused of Witchcraft; IX State specific Case Studies; Case studies from Nigeria; Case studies from Malawi; Case studies from South Africa; case studies from Tanzania; X. Psychopathology and Cultural Psychology: the psychiatric approach and Scientific Temper; Conclusion; Bibliography. | ||
| 700 | _aProf. H K Nagaraj - GuideProf. H K Nagaraj - Guide | ||
| 856 | _uhttps://dans.nls.ac.in/handle/123456789/1829 | ||
| 999 |
_c217069 _d217069 |
||